| 000 | 00762nas a2200265 4500 | ||
|---|---|---|---|
| 001 | BR8302861 | ||
| 003 | BR-BrBNA | ||
| 005 | 20231205085536.0 | ||
| 007 | ta | ||
| 008 | 230509b bl.|||p| |||| 00| 00por d | ||
| 040 |
_aBR-BrBNA _bpor _cBiblioteca Nacional de Agricultura |
||
| 041 | _a(Pt) | ||
| 072 | _aH10 | ||
| 100 | 1 | _aAnon. | |
| 245 | 1 | _aBicudo; a pior praga do algodao [Gossypium hirsutum, Anthonomus grandis, Sao Paulo, Brasil] | |
| 650 | _aBICUDO | ||
| 650 | _aALGODAO | ||
| 650 | _aCONTROLE QUIMICO | ||
| 650 | _aCAMPINAS | ||
| 650 | _aSOROCABA | ||
| 650 | _aSAO PAULO | ||
| 773 | 0 |
_tDirigente Rural (Brazil) _xISSN 0012-3374 _g(May 1983), v. 22(5) p. 40-43 _wBR8302861 |
|
| 909 |
_a202311 _bLúcia _c55 _dLúcia Elande |
||
| 942 |
_2AGRIS _n0 _cANA |
||
| 999 |
_c112104 _d112104 |
||